Kim / (Registro nro. 10879)

Detalles MARC
000 -LIDER
fixed length control field 01188nam a2200409 c 4500
001 - NÚMERO DE CONTROL
Identificador de número de control a581
003 - IDENTIFICACDOR DE NÚMERO DE CONTROL
control field DO-SdBNP
005 - DATE AND TIME OF LATEST TRANSACTION
control field 20180130100105.0
007 - CAMPOS FIJOS DE DESCRIPCIÓN FÍSICA
fixed length control field a581
008 - ELEMENTOS DE LONGITUD FIJA
fixed length control field 160614s1999 sp a 000 fdspa
015 ## - NÚMERO DENTRO DE LA BIBLIOGRAFÍA NACIONAL
National bibliography number
017 ## - NÚMERO DE REGISTRO DE DERECHOS DE AUTOR
Copyright or legal deposit number
Assigning agency
020 ## - ISBN
International Standard Book Number 848130168X
035 ## - NÚMERO LOCAL
System control number
040 ## - FUENTE DE CATALOGACIÓN
Agencia que crea de manera original el registro BPMUS
Idioma de catalogación spa
Agencia que realiza la transcripción BPMSU
Convenciones de la despripción
041 1# - CÓDIGOS DE OBRAS TRADUCIDAS O EN VARIOS IDIOMAS
Código del idioma del texto/archivo de sonido o separata spa
Cód. del idioma original y/o traducciones intermedias del texto
080 ## - NÚMERO DE CLASIFICACIÓN DECIMAL UNIVERSAL
Universal Decimal Classification number
082 ## - NÚMERO DE CLASIFICACIÓN DECIMAL DE DEWEY
Classification number 823.8
Item number K57k
100 1# - ASIENTO PRINCIPAL -- NOMBRE PERSONAL
Nombre personal Kipling, Rudyard
Fechas asociadas con el nombre 1865-1936
Término de relación
240 10 - TITULO UNIFORME
Título uniforme Kim
Idioma de una obra Español
245 10 - MENCIÓN DE TITULO
Título Kim /
Mención de responsabilidad Rudyard Kipling ; traducción José Luis López Muñoz ; prólogo de Fernando Sánchez Dragó
250 ## - MENCIÓN DE EDICION
Mención de edición
260 ## - PUBLICACIÓN, DISTRIBUCIÓN, ETC. (PIE DE IMPRENTA)
Lugar de publicación, distribución, etc Madrid :
Nombre del editor, distribuidor, etc. Milenium,
Fecha de publicación, distribución, etc 1999
300 ## - DESCRIPCIÓN FÍSICA
Extensión 288 p ;
Otros detalles físicos
Dimensiones 23 cm
336 ## - CONTENT TYPE
Content type term Texto (visual)
Source isbdcontent
337 ## - MEDIA TYPE
Media type term sin mediación
Source isbdmedia
490 ## - MENCIÓN DE SERIES
Mención de serie Milenium
-- Las 100 Joyas del Milenium
Volume/sequential designation 51
650 ## - ENCABEZAMIENTO DE MATERIA--TEMÁTICO
Término temático o nombre geográfico como elemento de entrada NOVELA INGLESA
650 ## - ENCABEZAMIENTO DE MATERIA--TEMÁTICO
Término temático o nombre geográfico como elemento de entrada HISTORIAS DE AVENTURAS
700 ## - ASIENTO SECUNDARIO -- NOMBRE PERSONAL
Nombre personal López Muñoz, José Luis
Mención de responsabilidad tr.
700 ## - ASIENTO SECUNDARIO -- NOMBRE PERSONAL
Nombre personal Sánchez Dragó, Fernando
Mención de responsabilidad pról.
830 ## - ASIENTO SECUNDARIO DE SERIE--TÍTULO UNIFORME
Título uniforme Milenium
Nombre de la parte o sección de una obra Las 100 Joyas del Milenium
Volume number/sequential designation 51
901 ## - LOCAL DATA ELEMENT A, LDA (RLIN)
a
942 ## - ADDED ENTRY ELEMENTS (KOHA)
Source of classification or shelving scheme Dewey Decimal Classification
Koha item type Libros
945 ## - INFORMACIÓN DE PROCESAMIENTO LOCAL
Información de procesamiento local Inventariado, 2018 / BT
956 ## - LOCAL ELECTRONIC LOCATION AND ACCESS (OCLC)
Nombre de host VMATEO
Número de acceso 10
Información de compresión 20160714
Trayectoria BPMSU
Nombre Electrónico 00069
Existencias
Withdrawn status Lost status Source of classification or shelving scheme Damaged status Not for loan Collection code Home library Current library Date acquired Source of acquisition Total Checkouts Full call number Barcode Date last seen Price effective from Koha item type
    Dewey Decimal Classification     Colección Juvenil General Biblioteca Pública Metropolitana Salomé Ureña Biblioteca Pública Metropolitana Salomé Ureña 07/14/2016 FUNDI   823.8 K57k BPMET16070467 07/14/2016 07/14/2016 Libros